Arabian satire : poetry from 18th-century Najd /

محفوظ في:

المؤلف الرئيسي: Shuwayʻir, Ḥamīdān, active 18th century (مؤلف)

مؤلفون آخرون: Kurpershoek, P. M. (المحرر, المترجم), Shuwayʻir, Ḥamīdān, active 18th century.

التنسيق: كتاب

اللغة: English
Arabic

منشور في: New York : New York University Press, [2017].

سلاسل: Library of Arabic literature.

الموضوعات:

الوسوم: إضافة وسم

لا توجد وسوم, كن أول من يضع وسما على هذه التسجيلة!

رقم الطلب: PJ7765 .S58 A2

LEADER 01494nam a22003497a 4500
003 OSt
005 20260202102342.0
008 0202 t20172017nyu b 001 0 eng
010 |a 2017024578 
020 |a 9781479878062  |q (cloth) 
040 |c ARCE Library 
041 1 |a eng  |a ara  |h ara 
042 |a pcc 
050 1 4 |a PJ7765 .S58  |b A2 
100 1 |a Shuwayʻir, Ḥamīdān,  |d active 18th century,  |e author 
245 0 0 |a Arabian satire :   |b poetry from 18th-century Najd /   |c Ḥmedān al-Shwe'ir ; edited and translated by Marcel Kurpershoek ; reviewed by Saad Sowayan. 
264 1 |a New York :   |b New York University Press,   |c [2017]. 
264 4 |c ©2017. 
300 |a xliv, 204 pages ;  |c 24 cm. 
490 1 |a Library of Arabic literature. 
504 |a Includes bibliographical references (pages 116-170) and index. 
546 |a Text in English and Arabic; translated from the Arabic. 
600 1 0 |a Shuwayʿir, Ḥamīdān active,  |d  18th century  |x  Translations into English. 
650 0 |a Arabian Peninsula  |x Poetry. 
650 0 |a Verse satire, Arabic. 
700 1 |a Kurpershoek, P. M.,  |e editor,  |e translator. 
700 1 2 |a Shuwayʻir, Ḥamīdān,  |d active 18th century.  |t Poems.  |k Selections.  |l English. 
776 0 8 |i Online version:  |a Shuwayʻir, Ḥamīdān, active 18th century author.  |t Arabian satire  |d New York : New York University Press, 2017  |z 9781479811199  |w (DLC) 2017025519. 
830 0 |a Library of Arabic literature. 
901 |a reviewed 
942 |2 lcc  |c BK 
999 |c 49645  |d 49645